| 000 | 01104nam0a22002531 4500 | ||
|---|---|---|---|
| 001 | rc\945254 | ||
| 005 | 20230315152121.0 | ||
| 035 | _a(NLR Aleph) 006117500 | ||
| 090 |
_a5425183 _c5425183 |
||
| 100 | _a20041129d1982 u |0rusy50 ca | ||
| 101 | 0 | _arus | |
| 102 | _aRU | ||
| 105 | _aa ||||||||| | ||
| 200 | 1 |
_aМассовые источники по истории советского рабочего класса периода развитого социализма _f[Соколов А.К., Коршунов В.Н., Сивохина Т.А. и др. _gРедкол.: И.Д. Ковальченко (отв. ред.) и др.] |
|
| 210 |
_aМ. _cИзд-во МГУ _d1982 |
||
| 215 |
_a208 с. _cил. _d22 |
||
| 701 | 1 |
_aСоколов _bА. К. _cд-р ист. наук, источниковедение _f1941-2015 _gАндрей Константинович _3RU\NLR\AUTH\7716687 |
|
| 702 | 1 |
_aКовальченко _bИ. Д. _gИван Дмитриевич _4340 |
|
| 801 | 0 |
_aRU _bNLR _gpsbo |
|
| 801 | 1 |
_aRU _bELAR _2rusmarc |
|
| 852 |
_aNLR _j82-5/4855 |
||
| 942 | _cBOOK | ||
| 980 | _aNB | ||